000 01348nam a22002057a 4500
999 _c57086
_d57086
003 Ge_BSU
005 20191114113433.0
008 191114s2018 ge ||||| |||| 00| 0 geo d
041 _ageo
080 _a372.3 ა-28
245 _aადრეული და სკოლამდელი აღზრდისა და განათლების სახელმწიფო სტანდარტები / Unicef for every child
264 _aთბილისი,
_c2018.
300 _a34 გვ.:
_c29 სმ.
653 _aსკოლამდელი განათლება
653 _aგანათლება
653 _aაღმზრდელ-პედაგოგის პროფესიული სტანდარტი
710 _eგაეროს ბავშთა ფონდი და განათლებისა და მეცნიერების სამინისტრო
_95327
856 _uhttps://www.unicef.org/georgia/media/1956/file/%E1%83%90%E1%83%93%E1%83%A0%E1%83%94%E1%83%A3%E1%83%9A%E1%83%98%20%E1%83%92%E1%83%90%E1%83%9C%E1%83%90%E1%83%97%E1%83%9A%E1%83%94%E1%83%91%E1%83%98%E1%83%A1%20%E1%83%A1%E1%83%A2%E1%83%90%E1%83%9C%E1%83%93%E1%83%90%E1%83%A0%E1%83%A2%E1%83%98.pdf
_yელექტრონული ვერსია
942 _2udc
_cBK